| 000 | 00390nam a2200157Ia 4500 | ||
|---|---|---|---|
| 008 | 230312s9999||||xx |||||||||||||| ||und|| | ||
| 020 | _a8131709276 | ||
| 082 |
_a658.7 _bMUL-M |
||
| 100 | _aMullins; Laurie.J | ||
| 245 | 0 | _aManagement and Organizational Behaviour(HAMMAD) | |
| 260 |
_bPearsons _aIndia _c2009 |
||
| 300 | _a1095 | ||
| 546 | _aEng. | ||
| 650 |
_aManagement _vOB |
||
| 942 | _cBK | ||
| 999 |
_c6746 _d6746 |
||